000 00309nam a22001337a 4500
008 170411b xxu||||| |||| 00| 0 eng d
020 _a9780132397605
041 _aeng
080 _26TH
_a612.39
100 _a9
101 _aSHM
245 _aOCCUPATIONAL SAFETY AND HEALTH
_cGOETSCH, D.L
942 _2udc
_cBK
999 _c10326
_d10326